|
|
|
|
| LEADER |
00000ny a22000003n 4500 |
| 005 |
20110602151518.0 |
| 008 |
080613s2001 sp s 000 0 spa c |
| 035 |
|
|
|a 351
|
| 040 |
|
|
|a UMA.RE
|d vLex
|
| 080 |
|
|
|a 330.341.4(0.034)
|
| 080 |
|
|
|a 334.758(0.034)
|
| 080 |
|
|
|a 347.72.04(0.034)
|
| 090 |
|
|
|c 441
|d 441
|
| 100 |
1 |
|
|a Fondevilla Roca, Eduardo
|
| 245 |
1 |
0 |
|a Fusiones y adquisiciones como intrumentos estratǧicos del empresario
|h [Recurso electrn̤ico]
|c Eduardo Fondevilla Roca
|
| 256 |
|
|
|a Servicio en ln̕ea
|
| 260 |
|
|
|a Madrid :
|b Cedecs,
|c 2001
|
| 506 |
1 |
|
|a Contenido solo disponible en los productos indicados
|d vLex Global
|d vLex Global (Academic Edition, excluding Law Schools)
|d vLex Global (U.S. Academic Edition, Law Schools)
|d vLex Global (U.S. Academic Edition, excluding Law Schools)
|d vLex Global (Academic Edition, Law Schools)
|
| 650 |
0 |
7 |
|2 Tesauro vLex
|a Fusin̤ societaria
|
| 650 |
0 |
7 |
|2 Tesauro vLex
|a Societario
|
| 650 |
0 |
7 |
|2 Tesauro vLex
|a Derecho de sociedades
|
| 650 |
0 |
7 |
|2 Tesauro vLex
|a Fusin̤ de sociedades
|
| 740 |
0 |
|
|a vLex Libros (Servicios en ln̕ea)
|
| 856 |
4 |
0 |
|z Acceso restringido
|u http://vlex.com/source/fusion-adquisicion-instrumentos-estrategicos-empresario-351
|
| 942 |
|
|
|c BOOK
|
| 999 |
0 |
|
|a Corporation law
|b Madrid
|